Mis segundos pasos : (grado preparatorio de Nueva enciclopedia escolar H.S.R.)
Gespeichert in:
| 1. Verfasser: | |
|---|---|
| Weitere Verfasser: | |
| Format: | Buch |
| Sprache: | Spanisch |
| Erschienen: |
Burgos :
Hijos de Santiago Rodríguez,
1954
|
| Ausgabe: | 4ª ed. |
| Katalog: | MANES: Suchergebnis im Bibliothekskatalog |
| Schulbuchspezifische Eigenschaften: |
|
| Schlagworte: | |
| Tags: |
Tag hinzufügen
Keine Tags, Fügen Sie den ersten Tag hinzu!
|
| Hinzugefügt zu: | 09.02.2019 |
| Geändert in: | 07.05.2025 |
MARC
| LEADER | 00000cam a2200000#i 4500 | ||
|---|---|---|---|
| 005 | 20250507134351.0 | ||
| 008 | 190210S1954 espa p 000 0 spa0d | ||
| 040 | |a uned |b spa |c entro-manes | ||
| 100 | 1 | |a Arias, Manuel Antonio |9 23910 | |
| 245 | 1 | 0 | |a Mis segundos pasos : |b (grado preparatorio de Nueva enciclopedia escolar H.S.R.) / |c por Manuel Antonio Arias ; ilustrada en colores con dibujos de trazo sencillo por Julio Algora |
| 250 | |a 4ª ed. | ||
| 260 | |a Burgos : |b Hijos de Santiago Rodríguez, |c 1954 | ||
| 300 | |a 159 p. : |b il. col. | ||
| 500 | |a En la port.: Contestaciones completas a los Cuestionarios Nacionales para la Enseñanza Primaria : segundo curso del primer ciclo del período de Enseñanza elemental | ||
| 546 | |a España | ||
| 561 | |5 es-BUNED |3 L.T. 2623 |a España. Fondo Manes UNED |k MANES | ||
| 650 | 7 | |a Enciclopedias |9 36309 | |
| 691 | 0 | |a PRI | |
| 700 | 1 | |a Algora, Julio | |
| 942 | |2 ddc |c BK | ||
| 999 | |c 92808 |d 92808 | ||
| 999 | |c manes:92808 |d 92808 | ||